[Event "GER-ch U25-B"]
[Site "Willingen"]
[Date "2023.05.30"]
[Round "4"]
[White "Schoene, Finn"]
[Black "Groessing, Daniel Yosuke"]
[Result "0-1"]
[WhiteElo "1411"]
[BlackElo "1615"]
[PlyCount "136"]
[EventDate "2023.05.27"]
[EventType "swiss"]
[EventRounds "9"]
[EventCountry "GER"]
[SourceTitle "CBM 214 Extra"]
[Source "ChessBase"]
[SourceDate "2023.07.31"]
[SourceVersion "1"]
[SourceVersionDate "2023.07.31"]
[SourceQuality "1"]

1. e4 e6 2. d4 d5 3. e5 c5 4. c3 Nc6 5. Ne2 Bd7 6. Ng3 Nge7 7. Be3 Ng6 8. Bd3 Qb6 9. Qb3 Qc7 10. Be2 Be7 11. 0-0 0-0 12. f4 c4 13. Qc2 f6 14. Nd2 f5 15. Bh5 Be8 16. Bxg6 Bxg6 17. Rf3 Qd8 18. Bf2 b5 19. Ndf1 a5 20. h3 b4 21. Ne3 a4 22. Ne2 Bh5 23. g4 fxg4 24. hxg4 Bg6 25. f5 Bh4 26. Bxh4 Qxh4 27. Kg2 exf5 28. gxf5 Bh5 29. Rh3 Qg5+ 30. Rg3 Qd8 31. Rh1 b3 32. axb3 axb3 33. Qd2 Be8 34. f6 Ra7 35. Nf5 Bg6 36. Nxg7 Rxg7 37. fxg7 Be4+ 38. Kg1 Rf7 39. Rhh3 Qd7 40. Qh6 Qf5 41. Qf4 Qxf4 42. Nxf4 Rxf4 43. Rh6 Bg6 44. Rgxg6 hxg6 45. Rxg6 Ne7 46. Rg5 Kh7 47. Kg2 Rf7 48. Rh5+ Kg6 49. Rh8 Rxg7 50. Kf3 Rh7 51. Rxh7 Kxh7 52. Kf4 Kg6 53. Kg4 Kf7 54. Kf4 Ke6 55. Ke3 Kf5 56. Ke2 Ke4 57. Kd2 Kf3 58. Kd1 Nc6 59. Kd2 Kf2 60. Kd1 Ke3 61. Ke1 Kd3 62. Kd1 Ne7 63. Kc1 Ke2 64. Kb1 Kd1 65. Ka1 Kc1 66. e6 Nf5 67. e7 Ne3 68. e8Q Nc2# 0-1

[Event "Verden op-B"]
[Site "Verden"]
[Date "2023.01.05"]
[Round "2"]
[White "Grabowski, Petra1111"]
[Black "Schoene, Finn"]
[Result "1/2-1/2"]
[WhiteElo "1656"]
[BlackElo "1375"]
[PlyCount "94"]
[EventDate "2023.01.05"]
[EventType "swiss"]
[EventRounds "7"]
[EventCountry "GER"]
[SourceTitle "CBM 212 Extra"]
[Source "ChessBase"]
[SourceDate "2023.03.31"]
[SourceVersion "1"]
[SourceVersionDate "2023.03.31"]
[SourceQuality "1"]

1. d4 d5 2. c4 e6 3. Nf3 f5 4. Bg5 Be7 5. Bxe7 Qxe7 6. e3 Nf6 7. Nc3 c6 8. Rc1 0-0 9. Qc2 Nbd7 10. cxd5 exd5 11. Qxf5 Ne4 12. Nxd5 cxd5 13. Qxd5+ Kh8 14. Qb3 Ndf6 15. h3 Be6 16. Bc4 Bxc4 17. Rxc4 Rac8 18. 0-0 Rxc4 19. Qxc4 Nd6 20. Qb4 Rc8 21. Ne5 Nfe4 22. f3 Ng3 23. Qxd6 Qxd6 24. Nf7+ Kg8 25. Nxd6 Rc2 26. Rf2 Rc1+ 27. Kh2 Nf1+ 28. Rxf1 Rxf1 29. Nxb7 Rf2 30. Nc5 Rxb2 31. a4 Kf7 32. Kg3 Ke7 33. f4 Kd6 34. Kf3 Kd5 35. h4 Rb1 36. g4 Rf1+ 37. Kg2 Re1 38. Kf2 Rh1 39. h5 Rh2+ 40. Kg3 Rh1 41. Kf3 Rf1+ 42. Ke2 Rg1 43. g5 Rh1 44. Kd3 Rd1+ 45. Kc3 Rc1+ 46. Kd3 Rd1+ 47. Kc3 Rc1+ 1/2-1/2

[Event "Verden op-B"]
[Site "Verden"]
[Date "2023.01.05"]
[Round "1"]
[White "Schoene, Finn"]
[Black "Scheidt, Mike Niklas"]
[Result "1/2-1/2"]
[WhiteElo "1375"]
[BlackElo "1677"]
[PlyCount "158"]
[EventDate "2023.01.05"]
[EventType "swiss"]
[EventRounds "7"]
[EventCountry "GER"]
[SourceTitle "CBM 212 Extra"]
[Source "ChessBase"]
[SourceDate "2023.03.31"]
[SourceVersion "1"]
[SourceVersionDate "2023.03.31"]
[SourceQuality "1"]

1. d4 d5 2. Nc3 e6 3. Bf4 f5 4. Nb5 Na6 5. e3 Nf6 6. Nf3 Be7 7. Ne5 0-0 8. Be2 c6 9. Nc3 Ne4 10. Bxa6 Bb4 11. Be2 Nxc3 12. bxc3 Bxc3+ 13. Kf1 Bxa1 14. Qxa1 g5 15. Bg3 f4 16. exf4 gxf4 17. Bd3 Qf6 18. Qe1 b6 19. f3 fxg3 20. hxg3 h6 21. Qe3 Qg5 22. Qxg5+ hxg5 23. Rh5 Kg7 24. Rxg5+ Kf6 25. Rg6+ Ke7 26. Nxc6+ Kd6 27. Ne5 Bd7 28. Rg7 Be8 29. g4 Rf4 30. c3 Rc8 31. Ke2 Rxc3 32. Ke3 Rf8 33. Rxa7 Rc7 34. Ra6 Rb7 35. a4 Bd7 36. f4 Rfb8 37. g5 Bc8 38. a5 Bd7 39. g4 Ke7 40. axb6 Rxb6 41. Ra7 R6b7 42. Rxb7 Rxb7 43. f5 Be8 44. g6 Rb2 45. g7 Bf7 46. Nxf7 Kxf7 47. f6 Rh2 48. Kf4 Rh3 49. Bg6+ Kg8 50. Ke5 Rh1 51. Kxe6 Re1+ 52. Kxd5 Re5+ 53. Kc4 Rc5+ 54. Kd3 Rc3+ 55. Ke2 Re3+ 56. Kd2 Re2+ 57. Kd3 Re3+ 58. Kc4 Rc3+ 59. Kd5 Rc5+ 60. Ke6 Re5+ 61. Kd7 Rd5+ 62. Ke7 Rd7+ 63. Ke6 Rd6+ 64. Ke5 Rd5+ 65. Kf4 Rd6 66. Bd3 Rxf6+ 67. Ke5 Kxg7 68. d5 Rf2 69. d6 Rd2 70. Be4 Kf7 71. g5 Kf8 72. g6 Kg7 73. Ke6 Rd4 74. d7 Rxe4+ 75. Kd5 Re1 76. Kc6 Rd1 77. Kc7 Rc1+ 78. Kb7 Rd1 79. Kc7 Kh8 1/2-1/2

[Event "GER-ch Youth-C"]
[Site "Willingen"]
[Date "2022.06.06"]
[Round "3"]
[White "Buecker, Phil"]
[Black "Schoene, Finn"]
[Result "0-1"]
[WhiteElo "933"]
[BlackElo "1110"]
[PlyCount "59"]
[EventDate "2022.06.04"]
[EventType "swiss"]
[EventRounds "9"]
[EventCountry "GER"]
[SourceTitle "CBM 208 Extra"]
[Source "ChessBase"]
[SourceDate "2022.07.31"]
[SourceVersion "1"]
[SourceVersionDate "2022.07.31"]
[SourceQuality "1"]

1. d4 d5 2. Nc3 Bf5 3. Bf4 a6 4. f3 Nf6 5. g4 Bg6 6. h4 h6 7. e3 e6 8. Bd3 Bxd3 9. Qxd3 Bd6 10. Nge2 Nc6 11. a3 g6 12. 0-0-0 Qd7 13. e4 Bxf4+ 14. Nxf4 0-0-0 15. e5 Nh7 16. b4 b5 17. Kd2 g5 18. hxg5 Nxg5 19. Rb1 Nxd4 20. Rhf1 Nc6 21. a4 Nxe5 22. Qe2 Nc4+ 23. Kd3 f6 24. axb5 axb5 25. Ra1 Qh7+ 26. Kd4 e5+ 27. Kc5 Qe7+ 28. Kxb5 Qd7+ 29. Ka6 Qc6+ 30. Ka7 0-1